Faster than thought (Record no. 4596)

MARC details
000 -LEADER
fixed length control field 00495nam a2200169Ia 4500
003 - CONTROL NUMBER IDENTIFIER
control field IN-BaIIA
008 - FIXED-LENGTH DATA ELEMENTS--GENERAL INFORMATION
fixed length control field 211028s9999 xx 000 0 eng d
040 ## - CATALOGING SOURCE
Transcribing agency IIA Library
080 ## - UNIVERSAL DECIMAL CLASSIFICATION NUMBER
Universal Decimal Classification number 681.3
Item number FAS
245 #0 - TITLE STATEMENT
Title Faster than thought
Remainder of title a symposium on digital computing machines
Statement of responsibility, etc. edited by B. V. Bowden
260 ## - PUBLICATION, DISTRIBUTION, ETC.
Place of publication, distribution, etc. London
Name of publisher, distributor, etc. Sir Isaac Pitman and Sons
Date of publication, distribution, etc. 1953
300 ## - PHYSICAL DESCRIPTION
Extent xix, 416p.
650 ## - SUBJECT ADDED ENTRY--TOPICAL TERM
Topical term or geographic name entry element  Computers
9 (RLIN) 8106
650 ## - SUBJECT ADDED ENTRY--TOPICAL TERM
Topical term or geographic name entry element NASA thesaurus 
700 ## - ADDED ENTRY--PERSONAL NAME
Personal name Bowden, B. V., ed.
9 (RLIN) 8107
942 ## - ADDED ENTRY ELEMENTS (KOHA)
Koha item type Books
Holdings
Withdrawn status Lost status Damaged status Not for loan Home library Current library Shelving location Date acquired Total Checkouts Full call number Barcode Date last seen Price effective from Koha item type
        IIA Library-Bangalore IIA Library-Bangalore General Stacks     681.3/ FAS 5129 05/11/2021   Books

Powered by Koha